Beginning Linux Programming (Record no. 41946)

MARC details
000 -LEADER
fixed length control field 00447nam a2200181Ia 4500
008 - FIXED-LENGTH DATA ELEMENTS--GENERAL INFORMATION
fixed length control field 230524s9999 xx 000 0 und d
020 ## - INTERNATIONAL STANDARD BOOK NUMBER
ISBN 8126504846
082 ## - DEWEY DECIMAL CLASSIFICATION NUMBER
Classification number 4.62
Item number MAT
100 ## - MAIN ENTRY--AUTHOR NAME
Personal name Neil Matthew
245 #0 - TITLE STATEMENT
Title Beginning Linux Programming
250 ## - EDITION STATEMENT
Edition statement IST
260 ## - PUBLICATION, DISTRIBUTION, ETC. (IMPRINT)
Place of publication NEW DELHI
Name of publisher John Wiley
Year of publication 2008
300 ## - PHYSICAL DESCRIPTION
Number of Pages XIV;375
500 ## - GENERAL NOTE
General note Quantity Number: 2
650 ## - SUBJECT ADDED ENTRY--TOPICAL TERM
Topical Term Comp-Sc
700 ## - ADDED ENTRY--PERSONAL NAME
Personal name Richard Stones
942 ## - ADDED ENTRY ELEMENTS (KOHA)
Koha item type Books
Holdings
Lost status Damaged status Permanent Location Current Location Shelving location Date acquired Full call number Accession Number Koha item type
    Central Library, Trident Academy of Technology Central Library, Trident Academy of Technology General Stacks 05/24/2023 004.62 MAT 28157 Books
    Central Library, Trident Academy of Technology Central Library, Trident Academy of Technology General Stacks 05/24/2023 004.62 MAT 28158 Books
Trident Academy of Technology © 2023.
All rights reserved.                                                                                                                                                                                                        Designed by Team of Central Library .

Powered by Koha